| 000 | 00684cam a22002054a 4500 | ||
|---|---|---|---|
| 020 | _a9780521678735 (pbk.) | ||
| 082 | 0 | 4 | _a340.59 |
| 100 | 1 |
_aHallaq, Wael B., _d1955- |
|
| 245 | 1 | 3 |
_aAn introduction to Islamic law / _cWael B. Hallaq. |
| 260 |
_aU.K ; _aNew York : _bCambridge University Press, _c2009. |
||
| 300 |
_avii, 200 p. ; _c24 cm. |
||
| 504 | _aIncludes bibliographical references (p. 184-191) and index. | ||
| 650 | 0 |
_aIslamic law. _990124 |
|
| 650 | 0 |
_aIslamic law _990125 |
|
| 650 | 1 | 7 |
_aIslamitisch recht. _990126 |
| 942 |
_2ddc _cBK |
||
| 999 |
_c588312 _d588312 |
||